Η ζωή με το Χριστό : Θρησκευτικά : ορθόδοξη χριστιανική αγωγή : Ε' δημοτικού

Αποθηκεύτηκε σε:
Λεπτομέρειες βιβλιογραφικής εγγραφής
Άλλοι συγγραφείς: Βαρελλά, Αγγελική, 1930-2022
Μορφή: Βιβλίο
Γλώσσα:Greek
Δημοσίευση: Αθήνα : Ο.Ε.Δ.Β., 1999.
Θέματα:
Ετικέτες: Προσθήκη ετικέτας
Δεν υπάρχουν, Καταχωρήστε ετικέτα πρώτοι!

MARC

LEADER 00000cam a2200000 i 4500
001 1/92129
008 991110s1999 gr | ||| |||| ||gre||
035 |l 10053914 
040 |a GR-MY-UA  |b gre  |e aacr 
041 0 |a gre 
082 7 |a 372.84   |2 (22) 
245 0 2 |a Η ζωή με το Χριστό :   |b Θρησκευτικά : ορθόδοξη χριστιανική αγωγή : Ε' δημοτικού /   |c Α. Βαρελλά ... [κ.ά.].  
260 |a Αθήνα :   |b Ο.Ε.Δ.Β.,   |c 1999.  
300 |a 182 σ. ;   |c 24 εκ.  
500 |a Ανω του τίτλου: Υπουργείο Εθνικής Παιδείας και Θρησκευμάτων. Παιδαγωγικό Ινστιτούτο.  
650 0 0 |a Religion  |x Study and teaching (Elementary)  |z Greece. 
700 1 |a Βαρελλά, Αγγελική,   |d 1930-2022. 
852 |a INST  |b RHODES  |e 19991110  |h 372.84 ΖΩΗ  |p 005400014310  |q 005400014310  |t BK  |y 0 
901 |a BIBL4-1999-3 
922 |a 4ΕΛΗ  |b 199911  |c ΔΩΡΕΑ 
970 |z 2000/06 
970 |a ΚΟΥΛΑΚΙΟΤΗ  |b ΛΙΤΣΑ  |z 1999/11/10